Tiếng chim hót trong bụi mận gai : tiểu thuyết . t. I /
সংরক্ষণ করুন:
| প্রধান লেখক: | |
|---|---|
| অন্যান্য লেখক: | |
| বিন্যাস: | Sách giấy |
| ভাষা: | Vietnamese |
| প্রকাশিত: |
H. :
Hội Nhà văn,
2000
|
| বিষয়গুলি: | |
| ট্যাগগুলো: |
ট্যাগ যুক্ত করুন
কোনো ট্যাগ নেই, প্রথমজন হিসাবে ট্যাগ করুন!
|
| Thư viện lưu trữ: | Thư viện Trường Đại học Đà Lạt |
|---|
| LEADER | 00778nam a2200289 4500 | ||
|---|---|---|---|
| 001 | DLU020017574 | ||
| 005 | ##4/2/2001 | ||
| 020 | # | # | |a 978- |
| 041 | # | # | |a vie |
| 082 | # | # | |a 828.993 43 |b MC-C |
| 100 | # | # | |a McCullough, Colleen |
| 245 | # | # | |a Tiếng chim hót trong bụi mận gai : |b tiểu thuyết . |n t. I / |c Colleen McCullough; Phạm Mạnh Hùng dịch |
| 260 | # | # | |a H. : |b Hội Nhà văn, |c 2000 |
| 300 | # | # | |a 439 tr.; |c 19 cm. |
| 653 | # | # | |a Tiểu thuyết |
| 653 | # | # | |a Văn học Ôxtrâylia |
| 653 | # | # | |a Văn học hiện đại |
| 700 | # | # | |a Phạm Mạnh Hùng |e dịch |
| 992 | # | # | |a 40000 |
| 994 | # | # | |a DLU |
| 900 | # | # | |a False |
| 911 | # | # | |a Administrator |
| 925 | # | # | |a G |
| 926 | # | # | |a A |
| 927 | # | # | |a SH |
| 980 | # | # | |a Thư viện Trường Đại học Đà Lạt |